| 000 | 00540cam a2200157 4500 | ||
|---|---|---|---|
| 001 | X103898 | ||
| 008 | 000000n2000 000 0 eng u | ||
| 035 | _a(Sirsi) u103898 | ||
| 245 | _aFraser v Canterbury | ||
| 260 | _c2000 | ||
| 490 |
_aNew Property Cases _v[2000] NPC 1 (16/01/2000) |
||
| 520 | _aChD 20 December 1999. Consequences of a conveyance under the School Sites Act 1841. and reverter provisions of s2 of that Act in 1999. DO NOT PHOTOCOPY. | ||
| 650 | _aFRASER V CANTERBURY | ||
| 650 | _aSCHOOL SITES ACT 1841 | ||
| 942 | _n0 | ||
| 999 |
_c62364 _d62364 |
||